000 01181cam a2200373 4500
008 090401t1994 xxu||||| |||| 00| 0 eng d
020 _a085406673X
035 _a(Sirsi) u61383
041 _aeng
050 _a333.335
090 _a333.0065
090 _aRICS 1994/82ABCD
110 _aRoyal Institution of Chartered Surveyors
_94900
245 _aRural property: research into customer needs November 1994: a report by Consensus Research International.
260 _aLondon
_bRICS
_c1994
300 _a65p. ; 30cm.
350 _a35
520 _aResearch commissioned by the Rural Market Panel. Cover title: Rural Property: Research into Customers` Needs. For tables of data see RICS 1994/83.
650 _aAGRICULTURE
650 _aABOUT RICS-RICS MEMBERS
650 _aCLIENT NEEDS
650 _aCUSTOMER NEEDS
650 _aFARMLAND
650 _aPROFESSIONAL SERVICES
650 _aProperty management
_96262
650 _aRURAL AREAS
650 _aRURAL MARKET PANEL
650 _aRURAL PROPERTY
650 _aSURVEYS
690 _aRURAL PRACTICE
710 _aConsensus Research International
_91961
942 _n0
948 _c04/03/1997
999 _c94308
_d94308